LEADER 01168nam a2200289 u 4500 001 000000053422 003 CaOOAMICUS 005 20070226115547.0 008 001115s1966 it u000 u ita u 035 $a10861315 040 $aPUL(R)$bita 041 1 $aita$hger 100 1 $aDüring, Ingemar,$d1903-$0(OLS)http://pul/name/9242 240 10$aAristoteles : Darstellung und Interpretation seines Denkens.$lItaliano.$0(OLS)http://pul/title/71678 245 10$aAristotele /$cIngemar Düring. 250 $aEdizione italiana aggiornata. 260 $aMilano :$bMursia,$cc1966. 300 $a748 p. ;$c23 cm 490 1 $aBiblioteca di filosofia. Saggi ;$v9 600 04$aAristoteles,$d384-322 a.C.$xFilosofia.$0(OLS)http://pul/subject/75 830 0$aBiblioteca di filosofia (Mursia).$pSaggi ;$v9.$0(OLS)http://pul/title/13719 850 $aPUL 852 $aPUL$W1$xDP1 Fondo Giannini$y60$m1553 F 29$j70494$nBK-PRI$b $qFondi$B70494$CPULBib$Z2$F70494 $H $81 941 1 $a1 961 $aINV: F. Giannini 996 $6245$aAristotele$9(OLS)http://pul/title/13718 996 $6260$aMilano :$bMursia$9(OLS)http://pul/publisher/52430 LEADER 01433nam a2200313 a 4500 001 000000143765 003 CaOOAMICUS 005 20150603134726.0 008 150603s2004 it u000 u ita r 020 $a88-220-6272-8 040 $aPUL$bita 082 04$a303.48 245 00$aGlobalizzazione, giustizia, solidarietą /$ca cura di Cosimo Quarta ; scritti di: Arrigo Colombo ... [et al.]. 260 $aBari :$bedizioni Dedalo,$c©2004. 300 $a363 p. ;$c21 cm 490 1 $aNuova Biblioteca Dedalo.$a"L'utopia, per una societą giusta e fraterna" ;$v272 504 $aBibliografia alla fine di ogni saggio. 650 4$aGlobalizzazione.$0(OLS)http://pul/subject/38133 700 1 $aQuarta, Cosimo.$0(OLS)http://pul/name/92354 700 1 $aColombo, Arrigo,$d1921-$0(OLS)http://pul/name/9008 830 0$aNuova Biblioteca Dedalo.$p"L'utopia, per una societą giusta e fraterna" ;$v272.$0(OLS)http://pul/title/92176 850 $aPUL 852 $aPUL$W1$xDP2 Diritto e Scienze Sociali 3$y110$m303. 48 COLAR 1$j165863$qDDC 21$B166244$CPULBib$Z2$F166244 $H125970 $82 941 1 $a9 996 $6020$a88-220-6272-8$9(OLS)http://pul/number/157726 996 $6082$a303.48$9(OLS)http://pul/classification/720 996 $6245$aGlobalizzazione, giustizia, solidarietą$9(OLS)http://pul/title/181879 996 $6260$aBari :$bedizioni Dedalo$9(OLS)http://pul/publisher/80778